000 01304nam a2200373 a 4500
001 000113946
003 CHAP
005 20220329144420.0
008 171010s2017 mx sm |||||||spa d
010 _a110407
011 _a111379
040 _cCHAP
090 _aTesis
100 1 _aIbarra Sánchez, Alejandro
_9128912
245 1 0 _aCoeficiente de endogamia insesgado de sintéticos derivados de cruzas trilineales
_h[En línea]
_cpor Alejandro Ibarra Sánchez.
260 _aChapingo, Méx. :
_bEl autor,
_c2017.
500 _aPara ver el contenido del material haga clic en la liga
502 _aTesis (M. C. en Horticultura) -- UACH. Departamento de Fitotecnia
590 _aE11695DGD
_b10
_c20171020
_lUCH01
_h1001
590 _aE6337LMJ
_b05
_c20171010
_lUCH01
_h1021
590 _aE6337LMJ
_b05
_c20171010
_lUCH01
_h1022
650 1 4 _aCebolla
_xCruzamiento.
_9133729
650 1 4 _aCebolla
_xGenética.
_920772
650 1 4 _aCebolla
_xSemilla.
_920803
650 1 4 _aCebolla
_xVariedades.
_920807
650 1 4 _aMaíz
_xCruzamiento.
_9132783
650 1 4 _aMaíz
_xGenética.
_970963
650 1 4 _aMaíz
_xSemilla.
_971059
650 1 4 _aMaíz
_xVariedades.
_971081
856 _aFinding aid
_uhttp://10.13.5.2/tesis/sist113946.pdf
_zTeclea aquí
901 _aBK
942 _cTESIS
942 _n0
999 _c110407
_d110407